000 00432nam a2200145Ia 4500
008 100204s9999 xx 000 0 und d
082 _b7767
100 _aथोरे अशोक श्रीधर
245 _aपाकोळी
260 _b"उदयदीप प्रकाशन , मुंबई"
_c1985
300 _a207
630 _aपाकोळी
730 _aपाकोळी
942 _cBOOK
999 _c452203
_d452200